00687nam a22002057a 4500999001900000005001700019010001500036020002600051035001400077037001300091082001200104100001300116245004400129260005300173270007300226300002100299700001100320942002600331952012400357 c158722d15872220181113112647.0 aENG-124484 a9789387871144c170.00 aEN-108016 bDBAD/PUB a005.133 aSelvam.S aC-programme /cby Selvam.S [and] Usha.S aMadurai (Tamil Nadu)bShanlax Publicationsc2018 a61, T.P.K. Main road, Vasantha Nagar, bMadurai (Tamil Nadu)e625003 a129p.c24cm(pbk) aUsha.S 2ddccENh005.133mSEL 001040718NFICaDBADbBNd2018-11-13eDBAD/PUBg170.00l0o005.133 SELpEN-108016r2018-11-13 00:00:00t1v170.00yEN